Stavebno-technologický projekt pre stavbu: Obytný súbor Cukrovar Trnava Etapa III
Na minha lista:
| Autor principal: | |
|---|---|
| Outros Autores: | |
| Formato: | Manuscrito Livro |
| Idioma: | eslovaco |
| Publicado em: |
2024
|
| Assuntos: | |
| Acesso em linha: | http://is.stuba.sk/zp/portal_zp.pl?podrobnosti=178791 https://opac.crzp.sk/?fn=detailBiblioForm&sid=AA0D9432EF6DE826CF191B4F11D3 |
| Tags: |
Sem tags, seja o primeiro a adicionar uma tag!
|
MARC
| LEADER | 00000ntm a22000003a 4500 | ||
|---|---|---|---|
| 001 | stuzp99585 | ||
| 003 | SK-STU | ||
| 005 | 20240930100403.9 | ||
| 007 | ta | ||
| 008 | 150427s2015----xo-----f-mn---000-0-slo-d | ||
| 040 | |a STU |b slo | ||
| 041 | 0 | |a slo | |
| 100 | 1 | |a Tarana, Adam |u 010270 |4 aut |U SvF Stavebná fakulta |T SvF Katedra technológie stavieb |X 104441 |U V270 |Y 28 |7 104441 | |
| 242 | 0 | 1 | |a Construction - Technological Project - Residential complex Cukrovar Trnava Etapa III |y eng |
| 245 | 1 | 0 | |a Stavebno-technologický projekt pre stavbu: Obytný súbor Cukrovar Trnava Etapa III |
| 260 | |c 2024 | ||
| 650 | 4 | |a zelena strecha |2 slo | |
| 650 | 4 | |a realizácia |2 slo | |
| 650 | 4 | |a bytový dom |2 slo | |
| 650 | 4 | |a debnenie |2 slo | |
| 650 | 4 | |a prefabrikáty |2 slo | |
| 650 | 4 | |a stavenisko |2 slo | |
| 650 | 4 | |a green roof |2 eng | |
| 650 | 4 | |a construction |2 eng | |
| 650 | 4 | |a residential building |2 eng | |
| 650 | 4 | |a formwork |2 eng | |
| 650 | 4 | |a prefabricated elements |2 eng | |
| 650 | 4 | |a construction site |2 eng | |
| 700 | 1 | |a Ďubek, Marek |u 010270 |k Z1 |4 ths |U SvF Stavebná fakulta |T SvF Katedra technológie stavieb |X 20818 |U V270 |Y 28 |7 A000020818 | |
| 856 | 4 | |u http://is.stuba.sk/zp/portal_zp.pl?podrobnosti=178791 | |
| 856 | 4 | |u https://opac.crzp.sk/?fn=detailBiblioForm&sid=AA0D9432EF6DE826CF191B4F11D3 | |